[Event "DEM U12 2025"]
[Site "Willingen GER"]
[Date "2025.06.08"]
[Round "1"]
[White "Belin, Anton"]
[Black "Menke, Raphael Wilhelm"]
[Result "1-0"]
[Termination "normal"]
[Board "5"]
[WhiteElo "2061"]
[BlackElo "1803"]
[WhiteClock "00:20:41"]
[BlackClock "01:05:21"]
[PlyCount "101"]
[WhiteFideId "34610952"]
[BlackFideId "34621008"]
[EventCountry "GER"]
[EventRounds "9"]
[EventType "swiss"]
[EventDate "2025.06.07"]

1. e4 {[%clk 01:30:55]} {[%emt 00:00:04]} e5 {[%clk 01:30:59]} {[%emt
00:00:02]} 2. Nf3 {[%clk 01:31:11]} {[%emt 00:00:14]} Nc6 {[%clk 01:31:28]}
{[%emt 00:00:02]} 3. Bb5 {[%clk 01:31:16]} {[%emt 00:00:24]} a6 {[%clk
01:31:45]} {[%emt 00:00:13]} 4. Ba4 {[%clk 01:31:16]} {[%emt 00:00:30]} Nf6
{[%clk 01:31:54]} {[%emt 00:00:20]} 5. O-O {[%clk 01:31:11]} {[%emt 00:00:35]}
Be7 {[%clk 01:32:11]} {[%emt 00:00:13]} 6. Re1 {[%clk 01:31:02]} {[%emt
00:00:39]} b5 {[%clk 01:32:33]} {[%emt 00:00:08]} 7. Bb3 {[%clk 01:31:06]}
{[%emt 00:00:26]} O-O {[%clk 01:32:53]} {[%emt 00:00:10]} 8. a4 {[%clk
01:30:56]} {[%emt 00:00:40]} Bb7 {[%clk 01:33:11]} {[%emt 00:00:12]} 9. d3
{[%clk 01:30:34]} {[%emt 00:00:52]} d6 {[%clk 01:32:23]} {[%emt 00:01:18]} 10.
Bd2 {[%clk 01:29:09]} {[%emt 00:01:55]} Re8 {[%clk 01:27:29]} {[%emt 00:05:24]}
11. Nc3 {[%clk 01:23:19]} {[%emt 00:06:20]} Na5 {[%clk 01:22:52]} {[%emt
00:05:08]} 12. axb5 {[%clk 01:19:39]} {[%emt 01:10:12]} Nxb3 {[%clk 01:23:14]}
13. cxb3 {[%clk 01:19:56]} axb5 {[%clk 01:23:13]} 14. Rxa8 {[%clk 01:16:57]}
Qxa8 {[%clk 01:22:58]} 15. Nxb5 {[%clk 01:16:11]} Qb8 {[%clk 01:22:56]} 16. Nc3
{[%clk 01:15:24]} Ba6 {[%clk 01:22:46]} 17. d4 {[%clk 01:11:59]} Bf8 {[%clk
01:21:38]} 18. dxe5 {[%clk 01:07:35]} dxe5 {[%clk 01:21:54]} 19. Bg5 {[%clk
01:06:34]} Qb6 {[%clk 01:18:56]} 20. Bxf6 {[%clk 00:58:27]} Qxf6 {[%clk
01:18:36]} 21. Nd5 {[%clk 00:49:37]} Qd6 {[%clk 01:18:21]} 22. Qc1 {[%clk
00:45:04]} c6 {[%clk 01:14:09]} 23. Ne3 Bc8 {[%clk 01:12:22]} 24. Nc4 {[%clk
00:42:17]} Qf6 25. Qc3 {[%clk 00:41:00]} Bd6 26. Rd1 {[%clk 00:38:20]} {[%emt
00:02:11]} Bc7 {[%clk 01:09:29]} {[%emt 00:00:58]} 27. Ncxe5 {[%clk 00:34:05]}
{[%emt 00:04:46]} h6 {[%clk 01:05:50]} {[%emt 00:04:08]} 28. Nxc6 {[%clk
00:28:42]} {[%emt 00:05:53]} Qxc3 {[%clk 01:05:52]} {[%emt 00:00:28]} 29. bxc3
{[%clk 00:29:11]} {[%emt 00:00:02]} Rxe4 {[%clk 01:06:07]} {[%emt 00:00:15]}
30. Re1 {[%clk 00:25:43]} {[%emt 00:03:57]} Rxe1+ {[%clk 01:06:12]} {[%emt
00:00:25]} 31. Nxe1 {[%clk 00:26:12]} {[%emt 00:00:02]} Bd7 {[%clk 01:05:53]}
{[%emt 00:00:48]} 32. Nd4 {[%clk 00:26:32]} {[%emt 00:00:11]} Kf8 {[%clk
01:06:00]} {[%emt 00:00:22]} 33. Nd3 {[%clk 00:25:52]} {[%emt 00:01:10]} Bb6
{[%clk 01:05:32]} {[%emt 00:00:57]} 34. Kf1 {[%clk 00:24:28]} {[%emt 00:01:55]}
Bxd4 {[%clk 01:04:20]} {[%emt 00:01:42]} 35. cxd4 {[%clk 00:24:52]} {[%emt
00:00:07]} Bb5 {[%clk 01:04:40]} {[%emt 00:00:10]} 36. Ke2 {[%clk 00:25:14]}
{[%emt 00:00:07]} Ke7 {[%clk 01:05:00]} {[%emt 00:00:10]} 37. Ke3 {[%clk
00:24:50]} {[%emt 00:00:54]} Kd6 {[%clk 01:05:15]} {[%emt 00:00:14]} 38. g3
{[%clk 00:24:24]} {[%emt 00:00:57]} Kd5 {[%clk 01:04:15]} {[%emt 00:01:30]} 39.
Nf4+ {[%clk 00:23:45]} {[%emt 00:01:09]} Kd6 {[%clk 01:03:53]} {[%emt
00:00:53]} 40. Ne2 {[%clk 00:23:48]} {[%emt 00:00:26]} Bd7 {[%clk 01:04:00]}
{[%emt 00:00:24]} 41. Nc3 {[%clk 00:24:08]} {[%emt 00:00:10]} Be6 {[%clk
01:03:13]} {[%emt 00:01:16]} 42. b4 {[%clk 00:24:08]} {[%emt 00:00:31]} Bc4
{[%clk 01:03:27]} {[%emt 00:00:15]} 43. d5 {[%clk 00:21:20]} {[%emt 00:03:19]}
Bxd5 {[%clk 01:03:10]} {[%emt 00:00:46]} 44. Nxd5 {[%clk 00:21:42]} {[%emt
00:00:09]} Kxd5 {[%clk 01:03:39]} 45. Kd3 {[%clk 00:22:00]} {[%emt 00:00:11]}
Kc6 {[%clk 01:04:03]} {[%emt 00:00:06]} 46. Kc4 {[%clk 00:22:10]} {[%emt
00:00:20]} Kb6 {[%clk 01:04:31]} {[%emt 00:00:03]} 47. f4 {[%clk 00:21:07]}
{[%emt 00:01:32]} Kc6 {[%clk 01:04:43]} {[%emt 00:00:18]} 48. g4 {[%clk
00:20:46]} {[%emt 00:00:51]} Kb6 {[%clk 01:05:01]} {[%emt 00:00:12]} 49. h4
{[%clk 00:20:32]} {[%emt 00:00:45]} f6 {[%clk 01:05:17]} {[%emt 00:00:14]} 50.
f5 {[%clk 00:20:30]} {[%emt 00:00:32]} Kc6 {[%clk 01:05:21]} {[%emt 00:00:26]}
51. h5 {[%clk 00:20:41]} {[%emt 00:00:19]} 1-0

[Event "DEM U12 2025"]
[Site "Willingen GER"]
[Date "2025.06.08"]
[Round "1"]
[White "Braren, Ove Neelis"]
[Black "Sheng, Ming"]
[Result "1/2-1/2"]
[Termination "normal"]
[Board "6"]
[WhiteElo "1716"]
[BlackElo "2038"]
[WhiteClock "00:01:28"]
[BlackClock "00:08:58"]
[PlyCount "97"]
[WhiteFideId "34663770"]
[BlackFideId "34605258"]
[EventCountry "GER"]
[EventRounds "9"]
[EventType "swiss"]
[EventDate "2025.06.07"]

1. e4 {[%clk 01:30:54]} {[%emt 00:00:05]} c6 {[%clk 01:30:49]} {[%emt
00:00:12]} 2. d4 {[%clk 01:30:58]} {[%emt 00:00:26]} d5 {[%clk 01:31:14]}
{[%emt 00:00:06]} 3. exd5 {[%clk 01:30:52]} {[%emt 00:00:36]} cxd5 {[%clk
01:31:40]} {[%emt 00:00:05]} 4. Bd3 {[%clk 01:30:51]} {[%emt 00:00:29]} Nc6
{[%clk 01:32:01]} {[%emt 00:00:10]} 5. c3 {[%clk 01:30:35]} {[%emt 00:00:46]}
Nf6 {[%clk 01:32:09]} {[%emt 00:00:21]} 6. Bf4 {[%clk 01:30:36]} {[%emt
00:00:30]} Bg4 {[%clk 01:32:28]} {[%emt 00:00:11]} 7. Nf3 {[%clk 01:30:50]}
{[%emt 00:00:16]} e6 {[%clk 01:32:40]} {[%emt 00:00:18]} 8. Nbd2 {[%clk
01:30:42]} {[%emt 00:00:39]} Bd6 {[%clk 01:32:59]} {[%emt 00:00:11]} 9. Bxd6
{[%clk 01:30:33]} {[%emt 00:00:38]} Qxd6 {[%clk 01:33:23]} {[%emt 00:00:05]}
10. O-O {[%clk 01:30:47]} {[%emt 00:00:17]} O-O {[%clk 01:33:42]} {[%emt
00:00:11]} 11. Qe1 {[%clk 01:29:38]} {[%emt 00:01:38]} Bf5 {[%clk 01:30:49]}
{[%emt 00:03:23]} 12. Ne5 {[%clk 01:26:30]} {[%emt 00:03:37]} Bxd3 {[%clk
01:30:40]} {[%emt 00:00:42]} 13. Nxd3 {[%clk 01:26:47]} {[%emt 00:00:13]} b5
{[%clk 01:28:35]} {[%emt 00:02:35]} 14. a3 {[%clk 01:23:10]} {[%emt 00:04:06]}
a5 {[%clk 01:27:53]} {[%emt 00:01:13]} 15. b4 {[%clk 01:14:46]} {[%emt
01:11:53]} a4 {[%clk 01:27:04]} 16. f4 {[%clk 01:14:34]} Ne7 {[%clk 01:24:23]}
17. Qe2 {[%clk 01:13:46]} h5 {[%clk 00:44:42]} 18. Rae1 Rab8 {[%clk 00:35:49]}
{[%emt 00:05:47]} 19. g3 {[%clk 00:52:08]} {[%emt 00:09:56]} Nf5 {[%clk
00:34:56]} {[%emt 00:01:24]} 20. Nc5 {[%clk 00:48:01]} {[%emt 00:04:36]} g6
{[%clk 00:32:12]} {[%emt 00:03:14]} 21. Nf3 {[%clk 00:43:52]} {[%emt 00:04:37]}
h4 {[%clk 00:29:06]} {[%emt 00:03:38]} 22. Kf2 {[%clk 00:19:13]} {[%emt
00:25:07]} hxg3+ {[%clk 00:24:52]} {[%emt 00:04:46]} 23. hxg3 {[%clk 00:19:18]}
{[%emt 00:00:25]} Ng4+ {[%clk 00:25:13]} {[%emt 00:00:09]} 24. Kg2 {[%clk
00:16:21]} {[%emt 00:03:11]} Nge3+ {[%clk 00:23:58]} {[%emt 00:02:00]} 25. Kf2
{[%clk 00:14:50]} {[%emt 00:02:01]} Nxf1 {[%clk 00:24:07]} {[%emt 00:00:22]}
26. Rxf1 {[%clk 00:14:20]} {[%emt 00:01:00]} Kg7 {[%clk 00:21:45]} {[%emt
00:02:51]} 27. Rh1 {[%clk 00:11:24]} {[%emt 00:03:26]} Rh8 {[%clk 00:14:43]}
{[%emt 00:07:33]} 28. Rxh8 {[%clk 00:10:46]} {[%emt 00:01:07]} Kxh8 {[%clk
00:11:32]} {[%emt 00:03:41]} 29. Ne5 {[%clk 00:04:15]} {[%emt 00:07:02]} Kg7
{[%clk 00:10:30]} {[%emt 00:01:30]} 30. g4 {[%clk 00:03:40]} {[%emt 00:01:06]}
Ne7 {[%clk 00:08:22]} {[%emt 00:02:39]} 31. Kg3 {[%clk 00:02:56]} {[%emt
00:01:14]} Ng8 {[%clk 00:03:30]} {[%emt 00:05:22]} 32. Ned7 {[%clk 00:01:27]}
{[%emt 00:01:59]} Rd8 {[%clk 00:02:58]} {[%emt 00:01:01]} 33. Qxb5 {[%clk
00:01:36]} {[%emt 00:00:22]} g5 {[%clk 00:03:14]} {[%emt 00:00:14]} 34. Ne5
{[%clk 00:01:21]} {[%emt 00:00:45]} gxf4+ {[%clk 00:03:33]} {[%emt 00:00:10]}
35. Kf3 {[%clk 00:01:23]} {[%emt 00:00:29]} Rb8 {[%clk 00:02:27]} {[%emt
00:01:36]} 36. Qd3 {[%clk 00:01:14]} {[%emt 00:00:39]} Ne7 {[%clk 00:02:22]}
{[%emt 00:00:35]} 37. Qd2 {[%clk 00:01:18]} {[%emt 00:00:26]} f6 {[%clk
00:01:59]} {[%emt 00:00:53]} 38. Qxf4 {[%clk 00:00:32]} {[%emt 00:01:15]} Rf8
{[%clk 00:00:49]} {[%emt 00:01:41]} 39. Ned7 {[%clk 00:00:33]} {[%emt
00:00:30]} Qxf4+ {[%clk 00:01:02]} {[%emt 00:00:16]} 40. Kxf4 {[%clk 00:01:01]}
{[%emt 00:00:02]} Ng6+ {[%clk 00:01:06]} {[%emt 00:00:26]} 41. Kg3 {[%clk
00:00:36]} {[%emt 00:00:56]} Re8 {[%clk 00:29:46]} {[%emt 00:01:49]} 42. b5
{[%clk 00:28:46]} {[%emt 00:02:19]} e5 {[%clk 00:17:44]} {[%emt 00:12:33]} 43.
b6 {[%clk 00:21:32]} {[%emt 00:07:44]} exd4 {[%clk 00:13:34]} {[%emt 00:04:39]}
44. cxd4 {[%clk 00:07:33]} {[%emt 00:14:30]} Ne7 {[%clk 00:12:08]} {[%emt
00:01:56]} 45. Ne6+ {[%clk 00:02:10]} {[%emt 00:05:53]} Kf7 {[%clk 00:12:19]}
{[%emt 00:00:19]} 46. Nc7 {[%clk 00:02:28]} {[%emt 00:00:11]} Rd8 {[%clk
00:11:45]} {[%emt 00:01:05]} 47. Nc5 {[%clk 00:01:46]} {[%emt 00:01:11]} Nc6
{[%clk 00:09:22]} {[%emt 00:02:53]} 48. Nxa4 {[%clk 00:01:14]} {[%emt
00:01:02]} Nxd4 {[%clk 00:08:58]} {[%emt 00:00:54]} 49. Nc3 {[%clk 00:01:28]}
{[%emt 00:00:16]} 1/2-1/2

[Event "DEM U12 2025"]
[Site "Willingen GER"]
[Date "2025.06.08"]
[Round "1"]
[White "Hoppe, Arthur"]
[Black "Geschke, Jonathan"]
[Result "1/2-1/2"]
[Termination "normal"]
[Board "7"]
[WhiteElo "1922"]
[BlackElo "1667"]
[WhiteClock "01:09:26"]
[BlackClock "00:23:33"]
[PlyCount "100"]
[WhiteFideId "34618910"]
[BlackFideId "34636129"]
[EventCountry "GER"]
[EventRounds "9"]
[EventType "swiss"]
[EventDate "2025.06.07"]

1. e4 {[%clk 01:30:57]} {[%emt 00:00:02]} e5 {[%clk 01:30:52]} {[%emt
00:00:09]} 2. Bc4 {[%clk 01:31:23]} {[%emt 00:00:04]} Bc5 {[%clk 01:30:36]}
{[%emt 00:00:46]} 3. c3 {[%clk 01:31:49]} {[%emt 00:00:04]} Nf6 {[%clk
01:29:52]} {[%emt 00:01:15]} 4. d4 {[%clk 01:32:10]} {[%emt 00:00:08]} exd4
{[%clk 01:25:14]} {[%emt 00:05:08]} 5. e5 {[%clk 01:32:37]} {[%emt 00:00:03]}
d5 {[%clk 01:17:03]} {[%emt 00:08:41]} 6. Bb5+ {[%clk 01:25:25]} {[%emt
00:07:43]} Bd7 {[%clk 01:06:21]} {[%emt 01:04:56]} 7. Bxd7+ {[%clk 01:25:43]}
Nfxd7 {[%clk 01:06:36]} 8. cxd4 {[%clk 01:26:06]} Bb4+ {[%clk 01:06:13]} 9. Nc3
{[%clk 01:26:25]} O-O {[%clk 01:05:37]} 10. Nf3 {[%clk 01:26:51]} Nb6 {[%clk
01:04:30]} 11. O-O {[%clk 01:26:15]} Nc6 {[%clk 01:03:31]} 12. Qd3 {[%clk
01:26:29]} f6 {[%clk 01:00:26]} 13. Re1 {[%clk 01:23:42]} fxe5 {[%clk
00:57:10]} 14. Ng5 {[%clk 00:43:37]} {[%emt 00:06:57]} e4 {[%clk 00:49:04]}
{[%emt 00:06:23]} 15. Qh3 {[%clk 00:42:12]} {[%emt 00:01:54]} h6 {[%clk
00:46:02]} {[%emt 00:03:34]} 16. Ne6 {[%clk 00:42:36]} {[%emt 00:00:05]} Qf6
{[%clk 00:45:00]} {[%emt 00:01:30]} 17. Nxf8 {[%clk 00:42:33]} {[%emt
00:00:35]} Rxf8 {[%clk 00:45:26]} {[%emt 00:00:05]} 18. Be3 {[%clk 00:42:42]}
{[%emt 00:00:20]} Nxd4 {[%clk 00:43:06]} {[%emt 00:02:50]} 19. Rad1 {[%clk
00:43:01]} {[%emt 00:00:11]} c5 {[%clk 00:34:19]} {[%emt 00:09:17]} 20. a3
{[%clk 00:43:08]} {[%emt 00:00:23]} Bxc3 {[%clk 00:21:44]} {[%emt 00:13:06]}
21. bxc3 {[%clk 00:43:16]} {[%emt 00:00:21]} Ne6 {[%clk 00:21:37]} {[%emt
00:00:37]} 22. a4 {[%clk 00:41:04]} {[%emt 00:02:42]} d4 {[%clk 00:20:33]}
{[%emt 00:01:34]} 23. cxd4 {[%clk 00:39:37]} {[%emt 00:01:56]} cxd4 {[%clk
00:20:52]} {[%emt 00:00:11]} 24. Bxd4 {[%clk 00:39:53]} {[%emt 00:00:14]} Nxd4
{[%clk 00:20:58]} {[%emt 00:00:24]} 25. Qe3 {[%clk 00:40:17]} {[%emt 00:00:06]}
Nc6 {[%clk 00:18:34]} {[%emt 00:02:54]} 26. Qxe4 {[%clk 00:36:57]} {[%emt
00:03:51]} Qxf2+ {[%clk 00:18:43]} {[%emt 00:00:21]} 27. Kh1 {[%clk 00:37:23]}
{[%emt 00:00:03]} Qa2 {[%clk 00:17:48]} {[%emt 00:01:22]} 28. Rf1 {[%emt
00:03:51]} Qxa4 {[%clk 00:15:12]} {[%emt 00:02:57]} 29. Qe6+ {[%clk 00:34:04]}
{[%emt 00:00:40]} Kh7 {[%clk 00:15:04]} {[%emt 00:00:37]} 30. h3 {[%clk
00:34:01]} {[%emt 00:00:34]} Rxf1+ {[%clk 00:14:24]} {[%emt 00:01:10]} 31. Rxf1
{[%clk 00:34:26]} {[%emt 00:00:05]} Qc2 {[%clk 00:14:06]} {[%emt 00:00:48]} 32.
Rf8 {[%clk 00:34:42]} {[%emt 00:00:14]} Qd1+ {[%clk 00:13:28]} {[%emt
00:01:07]} 33. Kh2 {[%clk 00:35:00]} Qd5 {[%clk 00:11:57]} {[%emt 00:02:13]}
34. Qe8 {[%clk 00:35:16]} Qe5+ {[%clk 00:11:34]} {[%emt 00:01:06]} 35. Qxe5
{[%clk 00:35:44]} Nxe5 {[%clk 00:11:59]} {[%emt 00:00:09]} 36. Rb8 {[%clk
00:36:12]} Nec4 {[%clk 00:11:26]} {[%emt 00:01:05]} 37. Rxb7 {[%clk 00:36:37]}
a5 {[%clk 00:11:45]} {[%emt 00:00:16]} 38. Kg3 {[%clk 00:36:58]} {[%emt
00:00:09]} a4 {[%clk 00:12:09]} {[%emt 00:00:06]} 39. Ra7 {[%clk 00:37:16]}
{[%emt 00:00:11]} a3 {[%clk 00:12:21]} {[%emt 00:00:19]} 40. Kf4 {[%clk
00:37:41]} {[%emt 00:00:05]} Nd5+ {[%clk 00:12:00]} {[%emt 00:00:50]} 41. Ke4
{[%clk 00:38:05]} {[%emt 00:00:07]} Nde3 {[%clk 00:12:02]} {[%emt 00:00:29]}
42. Kd3 {[%clk 00:38:10]} {[%emt 00:00:24]} Kg6 {[%clk 00:11:30]} {[%emt
00:01:01]} 43. g4 {[%clk 00:38:36]} {[%emt 00:00:05]} Kf6 {[%clk 00:11:24]}
{[%emt 00:00:33]} 44. h4 {[%clk 00:39:04]} {[%emt 00:00:05]} g5 {[%clk
00:07:32]} {[%emt 00:04:21]} 45. Ra6+ {[%clk 00:39:10]} {[%emt 00:00:25]} Ke5
{[%clk 00:02:37]} {[%emt 00:05:25]} 46. Rxh6 {[%clk 00:37:58]} {[%emt
00:01:43]} a2 {[%clk 00:24:55]} {[%emt 00:08:11]} 47. Ra6 {[%clk 01:08:22]}
{[%emt 00:00:07]} gxh4 {[%clk 00:24:52]} {[%emt 00:00:33]} 48. Rxa2 {[%clk
01:08:42]} {[%emt 00:00:09]} Kf4 {[%clk 00:24:58]} {[%emt 00:00:23]} 49. Rh2
{[%clk 01:09:02]} {[%emt 00:00:10]} Ne5+ {[%clk 00:24:35]} {[%emt 00:00:54]}
50. Ke2 {[%clk 01:09:26]} {[%emt 00:00:05]} N5xg4 {[%clk 00:23:33]} {[%emt
00:01:33]} 1/2-1/2

[Event "DEM U12 2025"]
[Site "Willingen GER"]
[Date "2025.06.08"]
[Round "1"]
[White "Boroshnev, Dmytro"]
[Black "Peglau, Paul David"]
[Result "1/2-1/2"]
[Termination "normal"]
[Board "8"]
[WhiteElo "1707"]
[BlackElo "1959"]
[WhiteClock "00:21:54"]
[BlackClock "00:35:57"]
[PlyCount "82"]
[WhiteFideId "34163611"]
[BlackFideId "16290550"]
[EventCountry "GER"]
[EventRounds "9"]
[EventType "swiss"]
[EventDate "2025.06.07"]

1. e4 {[%clk 01:30:58]} {[%emt 00:00:01]} c5 {[%clk 01:30:56]} {[%emt
00:00:05]} 2. Nf3 {[%clk 01:31:21]} {[%emt 00:00:06]} e6 {[%clk 01:31:09]}
{[%emt 00:00:18]} 3. d4 {[%clk 01:31:46]} {[%emt 00:00:05]} cxd4 {[%clk
01:31:37]} {[%emt 00:00:03]} 4. Nxd4 {[%clk 01:32:10]} {[%emt 00:00:06]} Nf6
{[%clk 01:31:53]} {[%emt 00:00:13]} 5. Nc3 {[%clk 01:32:35]} {[%emt 00:00:05]}
Nc6 {[%clk 01:32:14]} {[%emt 00:00:10]} 6. Be2 {[%clk 01:30:07]} {[%emt
00:02:57]} Bb4 {[%clk 01:28:27]} {[%emt 00:04:17]} 7. Nxc6 {[%clk 01:29:55]}
{[%emt 00:00:42]} bxc6 {[%clk 01:28:06]} {[%emt 00:00:51]} 8. Qd4 {[%clk
01:29:16]} {[%emt 00:01:09]} Qa5 {[%clk 01:20:18]} {[%emt 00:08:20]} 9. Bd2
{[%clk 01:27:24]} {[%emt 00:02:21]} Qb6 {[%clk 01:17:22]} {[%emt 00:03:26]} 10.
Qd3 {[%clk 01:25:20]} {[%emt 01:10:47]} a5 {[%clk 01:11:41]} 11. O-O {[%clk
01:25:10]} Ba6 {[%clk 01:09:58]} 12. Qf3 {[%clk 01:25:16]} Bxe2 {[%clk
01:08:25]} 13. Qxe2 {[%clk 01:25:39]} d5 {[%clk 01:07:31]} 14. exd5 {[%clk
01:10:39]} cxd5 {[%clk 01:07:20]} 15. Rfd1 {[%clk 01:09:59]} O-O {[%clk
01:06:29]} 16. Be3 {[%clk 01:07:12]} Qc6 {[%clk 01:05:32]} 17. Bd4 {[%clk
01:07:14]} Be7 {[%clk 01:04:04]} 18. a4 {[%clk 01:04:56]} Rfc8 {[%clk
01:02:17]} 19. Rdc1 {[%clk 00:57:57]} Qc4 {[%clk 01:00:10]} 20. Qxc4 {[%clk
00:53:37]} Rxc4 {[%clk 01:00:12]} 21. Nb5 {[%clk 00:53:34]} Ne4 {[%clk
00:58:37]} 22. b3 {[%clk 00:45:33]} {[%emt 00:02:18]} Rc6 {[%clk 00:56:33]}
{[%emt 00:02:35]} 23. g3 {[%clk 00:39:46]} {[%emt 00:06:16]} Bc5 {[%clk
00:55:24]} {[%emt 00:01:40]} 24. c4 {[%clk 00:30:18]} {[%emt 00:09:58]} dxc4
{[%clk 00:53:36]} {[%emt 00:02:18]} 25. Rxc4 {[%clk 00:28:16]} {[%emt
00:02:30]} Bxd4 {[%clk 00:53:14]} {[%emt 00:00:53]} 26. Rxd4 {[%clk 00:28:34]}
{[%emt 00:00:12]} Nc3 {[%clk 00:50:38]} {[%emt 00:03:07]} 27. Nxc3 {[%clk
00:28:58]} {[%emt 00:00:06]} Rxc3 {[%clk 00:51:04]} {[%emt 00:00:03]} 28. Rad1
{[%clk 00:29:20]} {[%emt 00:00:08]} Kf8 {[%clk 00:46:06]} {[%emt 00:05:29]} 29.
Rd8+ {[%clk 00:27:45]} {[%emt 00:02:04]} Rxd8 {[%clk 00:46:25]} {[%emt
00:00:12]} 30. Rxd8+ {[%clk 00:28:10]} {[%emt 00:00:04]} Ke7 {[%clk 00:46:48]}
{[%emt 00:00:07]} 31. Rb8 {[%clk 00:28:28]} {[%emt 00:00:12]} f5 {[%clk
00:45:01]} {[%emt 00:02:18]} 32. Rb5 {[%clk 00:27:57]} {[%emt 00:01:00]} Kf6
{[%clk 00:42:49]} {[%emt 00:02:43]} 33. Kf1 {[%clk 00:26:59]} {[%emt 00:01:27]}
e5 {[%clk 00:42:19]} {[%emt 00:01:01]} 34. Ke2 {[%clk 00:26:56]} {[%emt
00:00:33]} e4 {[%clk 00:41:27]} {[%emt 00:01:22]} 35. h4 {[%clk 00:25:51]}
{[%emt 00:01:34]} g6 {[%clk 00:39:07]} {[%emt 00:02:49]} 36. Rb7 {[%clk
00:23:14]} {[%emt 00:03:08]} h6 {[%clk 00:36:06]} {[%emt 00:03:32]} 37. Rb6+
{[%clk 00:20:26]} {[%emt 00:03:18]} Kf7 {[%clk 00:36:08]} {[%emt 00:00:28]} 38.
Rb7+ {[%clk 00:20:45]} {[%emt 00:00:10]} Kf6 {[%clk 00:36:21]} {[%emt
00:00:18]} 39. Rb6+ {[%clk 00:21:08]} {[%emt 00:00:06]} Kf7 {[%clk 00:35:47]}
{[%emt 00:01:04]} 40. Rb7+ {[%clk 00:21:30]} {[%emt 00:00:08]} Kf6 {[%clk
00:35:44]} {[%emt 00:00:33]} 41. Rb6+ {[%clk 00:21:54]} {[%emt 00:00:06]} Kf7
{[%clk 00:35:57]} 1/2-1/2

[Event "DEM U12 2025"]
[Site "Willingen GER"]
[Date "2025.06.08"]
[Round "1"]
[White "Pradeep, Harshill"]
[Black "Fattori Dittmar, Luca"]
[Result "1/2-1/2"]
[Termination "normal"]
[Board "9"]
[WhiteElo "1936"]
[BlackElo "1671"]
[WhiteClock "00:01:18"]
[BlackClock "00:54:45"]
[PlyCount "78"]
[WhiteFideId "34629513"]
[BlackFideId "34678883"]
[EventCountry "GER"]
[EventRounds "9"]
[EventType "swiss"]
[EventDate "2025.06.07"]

1. e4 {[%clk 01:30:58]} {[%emt 00:00:01]} c5 {[%clk 01:30:51]} {[%emt
00:00:10]} 2. c4 {[%clk 01:29:46]} {[%emt 00:01:42]} Nc6 {[%clk 01:31:06]}
{[%emt 00:00:15]} 3. Nc3 {[%clk 01:30:01]} {[%emt 00:00:15]} g6 {[%clk
01:30:24]} {[%emt 00:01:12]} 4. g3 {[%clk 01:29:40]} {[%emt 00:00:52]} Bg7
{[%clk 01:30:30]} {[%emt 00:00:23]} 5. Bg2 {[%clk 01:29:45]} {[%emt 00:00:24]}
e5 {[%clk 01:30:50]} {[%emt 00:00:11]} 6. d3 {[%clk 01:29:28]} {[%emt
00:00:47]} d6 {[%clk 01:30:43]} {[%emt 00:00:37]} 7. Nge2 {[%clk 01:29:21]}
{[%emt 00:00:37]} Nge7 {[%clk 01:30:58]} {[%emt 00:00:16]} 8. O-O {[%clk
01:28:16]} {[%emt 00:01:34]} O-O {[%clk 01:31:16]} {[%emt 00:00:12]} 9. a3
{[%clk 01:23:37]} {[%emt 00:05:09]} Be6 {[%clk 01:30:19]} {[%emt 00:01:27]} 10.
h3 {[%clk 01:19:32]} {[%emt 00:04:35]} Qd7 {[%clk 01:30:37]} {[%emt 00:00:13]}
11. Kh2 {[%clk 01:19:28]} {[%emt 00:00:33]} Nd4 {[%clk 01:29:44]} {[%emt
00:01:23]} 12. Nxd4 {[%clk 01:11:49]} {[%emt 01:13:10]} cxd4 13. Nd5 {[%clk
01:10:28]} Bxd5 {[%clk 01:26:56]} 14. cxd5 {[%clk 01:05:38]} a5 {[%clk
01:25:09]} 15. b3 {[%clk 00:50:22]} Rfc8 {[%clk 01:23:21]} 16. h4 {[%clk
00:47:52]} Qb5 {[%clk 01:19:58]} 17. a4 {[%clk 00:43:07]} Qa6 {[%clk 01:20:12]}
18. Re1 {[%clk 00:35:02]} Rc3 19. Bd2 {[%clk 00:33:15]} Rc7 {[%clk 01:16:34]}
20. Qe2 {[%clk 00:30:42]} Rc2 {[%clk 01:12:46]} {[%emt 00:01:34]} 21. Rec1
{[%clk 00:27:17]} {[%emt 00:03:54]} Rac8 {[%clk 01:12:43]} {[%emt 00:00:34]}
22. Rxc2 {[%clk 00:10:36]} {[%emt 00:17:11]} Rxc2 {[%clk 01:13:00]} {[%emt
00:00:12]} 23. Rc1 {[%clk 00:09:23]} {[%emt 00:01:43]} Rxc1 {[%clk 01:11:05]}
{[%emt 00:02:25]} 24. Bxc1 {[%clk 00:09:47]} {[%emt 00:00:07]} b5 {[%clk
01:10:24]} {[%emt 00:01:11]} 25. Qc2 {[%clk 00:08:11]} {[%emt 00:02:05]} bxa4
{[%clk 01:10:34]} {[%emt 00:00:21]} 26. bxa4 {[%clk 00:06:43]} {[%emt
00:01:58]} Qb6 {[%clk 01:05:37]} {[%emt 00:05:27]} 27. Qc4 {[%clk 00:05:50]}
{[%emt 00:01:23]} Bf8 {[%clk 01:04:21]} {[%emt 00:01:45]} 28. Bh3 {[%clk
00:05:31]} {[%emt 00:00:49]} Qb1 {[%clk 01:00:23]} {[%emt 00:04:28]} 29. Ba3
{[%clk 00:03:44]} {[%emt 00:02:17]} Qb6 {[%clk 00:55:24]} {[%emt 00:05:30]} 30.
Qb5 {[%clk 00:03:27]} {[%emt 00:00:47]} Qc7 {[%clk 00:55:44]} {[%emt 00:00:10]}
31. Qc4 {[%clk 00:02:07]} {[%emt 00:01:50]} Qb6 {[%clk 00:56:00]} {[%emt
00:00:14]} 32. Bc1 {[%clk 00:02:19]} {[%emt 00:00:18]} Qb1 {[%clk 00:56:03]}
{[%emt 00:00:27]} 33. Qc7 {[%clk 00:01:04]} {[%emt 00:01:45]} Qxd3 {[%clk
00:55:49]} {[%emt 00:00:44]} 34. Bg5 {[%clk 00:00:57]} {[%emt 00:00:37]} Qxe4
{[%clk 00:55:09]} {[%emt 00:01:09]} 35. Qd8 {[%clk 00:00:38]} {[%emt 00:00:49]}
Nf5 {[%clk 00:53:33]} {[%emt 00:02:06]} 36. Bxf5 {[%clk 00:00:43]} {[%emt
00:00:25]} Qxf5 {[%clk 00:53:47]} {[%emt 00:00:16]} 37. Bh6 {[%clk 00:00:33]}
{[%emt 00:00:40]} Qxf2+ {[%clk 00:54:02]} {[%emt 00:00:15]} 38. Kh1 {[%clk
00:00:53]} {[%emt 00:00:09]} Qf1+ {[%clk 00:54:19]} {[%emt 00:00:15]} 39. Kh2
{[%clk 00:01:18]} {[%emt 00:00:04]} Qf2+ {[%clk 00:54:45]} {[%emt 00:00:04]}
1/2-1/2